¿Qué aprenden en la escuela secundaria los adolescentes hoy? / (Registro nro. 32528)
[ vista simple ]
| 000 -CABECERA | |
|---|---|
| campo fijo de control de longitud | 01344nab a2200253 4500 |
| 003 - IDENTIFICADOR DEL NÚMERO DE CONTROL | |
| campo de control | AR-RoBPED |
| 005 - FECHA Y HORADE LA ULTIMA TRANSACCION | |
| campo de control | 20260408115925.0 |
| 008 - ELEMENTOS DE LONGITUD FIJA--INFORMACION GENERAL | |
| campo fijo de control de longitud | 260408b |||||||| |||| 00| 0 spa d |
| 040 ## - FUENTE CATALOGADORA | |
| Centro catalogador/agencia de origen | AR-RoBPED |
| 041 ## - IDIOMA | |
| Código de idioma para texto/pista de sonido o título independiente | spa |
| 100 1# - ENCABEZAMIENTO PRINCIPAL--AUTOR PERSONAL | |
| Nombre de persona | Carnevale, Gabriela |
| 9 (RLIN) | 27510 |
| Función | Licenciada y profesora en Psicopedagogía |
| 245 1# - TITULO | |
| Título | ¿Qué aprenden en la escuela secundaria los adolescentes hoy? / |
| 260 ## - PUBLICACION | |
| Lugar | Buenos Aires : |
| Editor | Noveduc, |
| Fecha | 2025 |
| 300 ## - DESCRIPCION FISICA | |
| Extensión | 54-58 p. |
| 500 ## - NOTA GENERAL | |
| Nota general | Las autoras analizan las apreciaciones sobre los aprendizajes escolares que manifiestan estudiantes que transitan los últimos años de la educación secundaria en la provincia de Río Negro. Las palabras de los adolescentes se encuentran organizadas en tres ejes alrededor de lo que dicen sobre: la escuela, los transmisores (profesores) y el objeto de transmisión (saberes, maneras, usos), articulando así con las nociones de transmisión y aprendizaje. |
| 650 #7 - TERMINO DE MATERIA--CONTROLADO | |
| Término controlado | NIVEL MEDIO |
| 9 (RLIN) | 3552 |
| Término controlado | ESCUELA |
| 9 (RLIN) | 20136 |
| Término controlado | ADOLESCENTES |
| 9 (RLIN) | 2906 |
| Término controlado | APRENDIZAJE |
| 9 (RLIN) | 560 |
| 700 1# - ENCABEZAMIENTO SECUNDARIO--AUTOR PERSONAL | |
| Nombre de persona | O' toole, María Camila |
| 9 (RLIN) | 30731 |
| Función | Profesora en Psicopedagogía |
| 773 0# - DOCUMENTO FUENTE | |
| Host Biblionumber | 20414 |
| Host Itemnumber | 41867 |
| Place, publisher, and date of publication | Buenos Aires : Noveduc, 1993- |
| Título | Novedades Educativas |
| Record control number | (AR-RoBPED)20414 |
| International Standard Serial Number | 03283534 |
| 942 ## - ELEMENTOS KOHA | |
| Fuente de clasificación | Universal Decimal Classification |
| Koha tipo de ítem | Revistas |
| Clasificación | 37(05) |
| Signatura librística | Nov 86 N° 400 (Febr.2025) |
| Número Koha | k.32528 |
| 945 ## - PROCESAMIENTO DE LA INFORMACIÓN LOCAL | |
| Catalogador y fecha | mar 04/2026 |
No hay ítems disponibles.